Alle Länder Österreichs (mit Karte) - Statistiken

Allgemein
  • Dieses Quiz wurde 35 mal gespielt
  • Das Durchschnittsergebnis liegt bei 23 aus 26
Antworten auf der Karte
Die Antworten werden auf der Karte rot bzw. grün angezeigt, abhängig davon wie oft sie richtig erraten wurden.
 
Antwortstatistiken
Land % Korrekt
Deutschland
100%
Frankreich
100%
Italien
100%
Schweiz
100%
Ungarn
100%
Belgien
97%
Kroatien
97%
Österreich
97%
Polen
97%
Rumänien
97%
Serbien
97%
Slowakei
97%
Spanien
97%
Tschechien
97%
Niederlande
94%
Slowenien
94%
Ukraine
94%
Bosnien und Herzegowina
90%
Luxemburg
90%
Kosovo
87%
Indien
84%
Liechtenstein
84%
Montenegro
81%
Albanien
58%
China
58%
Mosambik
45%
Keine übereinstimmenden Quizze gefunden
Verteilung der Resultate
Anzahl Personen mit jedem Resultat
Perzentil nach korrekt beantworteten Fragen
Ihre Resultats-Entwicklung
Sie haben dieses Quiz noch nicht gespielt